000 00372nam a22001577a 4500
005 20180412105403.0
008 160628b xxu||||| |||| 00| 0 eng d
041 _aeng
082 _b10748
_a343.07
100 _aPillai, K.M.
_92751
245 _aLabour Industrial law
260 _bAllahabad law agency
_c2003
300 _a540
650 _aManagement
_9241
942 _cBK
999 _c4392
_d4391